| 000 | 00389nam a22001337a 4500 | ||
|---|---|---|---|
| 005 | 20151208153348.0 | ||
| 008 | 151208b xxu||||| |||| 00| 0 eng d | ||
| 040 | _cPK-LaUMT | ||
| 082 |
_aMSC 177.2 _bASI- |
||
| 245 |
_aAsif Ali Zardari _ba symbol of courage, loyalty $ determination _cAbdul Qadar(Compiled |
||
| 260 |
_aLahore _bMusawaat publications _c2004 |
||
| 300 | _a110 p. | ||
| 942 | _cBK | ||
| 999 |
_c80733 _d80733 |
||